书目信息 |
| 题名: |
工匠精神的实践
|
|
| 作者: | 陈芳 , 付守永 著 | |
| 分册: | ||
| 出版信息: | 南京 江苏人民出版社 2017 |
|
| 页数: | 195页 | |
| 开本: | 24cm | |
| 丛书名: | ||
| 单 册: | ||
| 中图分类: | F272-0 | |
| 科图分类: | ||
| 主题词: | 企业管理--研究 | |
| 电子资源: | ||
| ISBN: | 978-7-214-19960-7 | |
| 000 | 00918nam0 2200253 450 | |
| 001 | 012001003107 | |
| 005 | 20140926114740.0 | |
| 010 | @a978-7-214-19960-7@dCNY36.00 | |
| 100 | @a20171018d2017 em y0chiy50 ea | |
| 101 | 0 | @achi |
| 102 | @aCN@b320000 | |
| 105 | @aa z 000yy | |
| 106 | @ar | |
| 200 | 1 | @a工匠精神的实践@9gong jiang jing shen de shi jian@dThe practice of craftsman spirit@e工匠精神在宏昆是如何落地的?@f陈芳,付守永著@zeng |
| 210 | @a南京@c江苏人民出版社@d2017 | |
| 215 | @a195页@c图@d24cm | |
| 330 | @a本书内容分为:工匠精神践行的冷思考、工匠精神的文化实践、工匠精神的战略实践、工匠精神的管理实践、工匠精神与中国企业的未来之路。 | |
| 510 | 1 | @aPractice of craftsman spirit@zeng |
| 606 | 0 | @a企业管理@x研究 |
| 690 | @aF272-0@v5 | |
| 701 | 0 | @a陈芳@9chen fang@4著 |
| 701 | 0 | @a付守永@9fu shou yong@c(企业管理)@4著 |
| 801 | 0 | @aCN@b上海新华@c20180901 |
| 905 | @b1162165-9@dF272-0@e1594@f5 | |
| 工匠精神的实践=The practice of craftsman spirit:工匠精神在宏昆是如何落地的?/陈芳,付守永著.-南京:江苏人民出版社,2017 |
| 195页:图;24cm |
| ISBN 978-7-214-19960-7:CNY36.00 |
| 本书内容分为:工匠精神践行的冷思考、工匠精神的文化实践、工匠精神的战略实践、工匠精神的管理实践、工匠精神与中国企业的未来之路。 |
| ● |
| 相关链接 |
|
|
|
|
正题名:工匠精神的实践
索取号:F272-0/1594
 
预约/预借
| 序号 | 登录号 | 条形码 | 馆藏地/架位号 | 状态 | 备注 |
| 1 | 1162165 | 211621654 | 第一样本阅览室/ [索取号:F272-0/1594] | 在馆 | |
| 2 | 1162166 | 211621663 | 第一借阅区/ [索取号:F272-0/1594] | 在馆 | |
| 3 | 1162167 | 211621672 | 第一借阅区/ [索取号:F272-0/1594] | 在馆 | |
| 4 | 1162168 | 211621681 | 第一借阅区/ [索取号:F272-0/1594] | 在馆 | |
| 5 | 1162169 | 211621690 | 密集书库-海洋学院/ [索取号:F272-0/1594] | 在馆 |